Crisis prevention and confidence building and reconciliation / (Record no. 139355)

MARC details
000 -LEADER
fixed length control field 00649nam a22001937a 4500
005 - DATE AND TIME OF LATEST TRANSACTION
control field 20170428145850.0
010 ## - LCCN (DPL NO)
LC control number ENG-117983
020 ## - INTERNATIONAL STANDARD BOOK NUMBER
International Standard Book Number 9789386535023
Terms of availability 995.00
035 ## - SYSTEM CONTROL NUMBER
System control number EN-101515
037 ## - SOURCE OF ACQUISITION
Source of stock number/acquisition DBAD/PUB
082 ## - DEWEY DECIMAL CLASSIFICATION NUMBER
Classification number 327.17095
245 ## - TITLE STATEMENT
Title Crisis prevention and confidence building and reconciliation /
Statement of responsibility, etc edited by Gunjan
260 ## - PUBLICATION, DISTRIBUTION, ETC. (IMPRINT)
Place of publication, distribution, etc New Delhi
Name of publisher, distributor, etc Jawahar Publishers and Distributors
Date of publication, distribution, etc 2017
270 ## - ADDRESS
Address 46 Samachar Apartment,Mayur Vihar-I
City New Delhi
Postal code 110090
300 ## - PHYSICAL DESCRIPTION
Extent vii,328p.
Dimensions 23 cm(pbk)
500 ## - GENERAL NOTE
General note Includes bibliographical references and index
700 ## - ADDED ENTRY--PERSONAL NAME
Personal name Gunjan
942 ## - ADDED ENTRY ELEMENTS (KOHA)
Source of classification or shelving scheme Dewey Decimal Classification
Item type English Books
Classification part 327.17095
Call number suffix CRI
Holdings
Withdrawn status Lost status Not for loan Collection code Home library Current library Date acquired Source of acquisition Cost, normal purchase price Full call number Barcode Copy number Cost, replacement price Koha item type
    Not For Loan Non-fiction D.B.Act.Division Bawana 28/04/2017 DBAD/PUB 995.00 327.17095 CRI EN-101515 1 995.00 English Books

© Delhi Public Library
Hit Counter
free hit counter